Intelettuali in Germania: tra reazione e rivoluzione
Guardat en:
| Autor principal: | |
|---|---|
| Format: | Llibre |
| Idioma: | italià |
| Publicat: |
Bari
De Donato
1979
|
| Edició: | 1a. ed |
| Col·lecció: | Mediazioni, 18
|
| Matèries: | |
| Etiquetes: |
Afegir etiqueta
Sense etiquetes, Sigues el primer a etiquetar aquest registre!
|
MARC
| LEADER | 00000cam a2200000 a 4500 | ||
|---|---|---|---|
| 001 | UCD9051 | ||
| 003 | CL-VaPUC | ||
| 008 | 170602e19790000it |||||||||||||||||ita|d | ||
| 082 | 0 | 4 | |a 320.01 |b CAN |2 21 |
| 100 | 0 | |a Canfora, Luciano |e author |9 592721 | |
| 245 | 1 | 0 | |a Intelettuali in Germania: tra reazione e rivoluzione |
| 250 | |a 1a. ed | ||
| 300 | |a 171 p | ||
| 942 | |c BK | ||
| 945 | |d 20170602 23:29:00 |a dcastane | ||
| 260 | |a Bari |b De Donato |c 1979 | ||
| 650 | 7 | |a FILOSOFIA POLITICA |2 CL-VaPUC |9 592722 | |
| 650 | 0 | |a Primera Guerra Mundial |9 373283 | |
| 583 | |a last modification |c 20170602 23:29:00 |k Rodrigo Vera | ||
| 490 | 0 | |a Mediazioni, 18 | |
| 999 | |c 368349 |d 368347 | ||
| 952 | |0 0 |1 0 |3 erb |4 0 |6 320_010000000000000_CAN_1979 |7 0 |8 A |9 483636 |a FDOLAF |b FDOLAF |e Laffi, Umberto, 1939- |i 5392284 |o 320.01 CAN 1979 |p 5392284 |r 2024-01-30 |w 2019-11-24 |y BK |z Catalogado en:20170602 |k LAF | ||